000 004010000a22001690004500
003 MACL
005 20160130123220.0
008 160130b xxu||||| |||| 00| 0 eng d
040 _aMACL
_cMACL
041 _aEnglish
082 _a823.914/BEA
100 _aBeauman, sally
_935873
245 _aSextet
260 _bBantam Books
_c1998
_aLondon
650 _aFiction
_935874
942 _cBK
_k823/Bea
_2ddc
999 _c32344
_d32344